000 01015nam a2200313 a 4500
001 538
003 BD-RjUL
005 20211208233209.0
008 760609s1970 fr b i000 0 eng
035 _a(BD-RjUL)555
040 _aDLC
_cDLC
_dBD-RjUL
_beng
041 _aeng
082 0 0 _a025.1
_216
_bPEP 1972
100 1 _aPenna, Carlos Victor,
_d1911-
_91657
_qCarlos Victor Penna.
245 1 4 _aThe planning of library and documentation services /
_cby C. V. Penna.
250 _a2d ed. rev. and enl. /
260 _aParis :
_bUnesco,
_cc1970 [Impression 1972]
300 _a158 p. ;
_c21 cm.
490 1 _aUnesco manuals for libraries ; 17
500 _aFirst ed. published in 1967 under title: Planning library services.
500 _a"COM.70/IV.17b/A."
504 _aIncludes bibliographical references.
650 0 _aLibrary planning.
_91658
700 1 _aSewell, Philip Hooper.
_91659
700 1 _aLiebaers, Herman.
_91660
942 _2ddc
_cBK
999 _c538
_d538